ბათუმის შოთა რუსთაველის სახელმწიფო უნივერსიტეტის ბიბლიოთეკა

Введение в международные отношения и мировую политику (ბიბ.ჩანაწერი № 54247)

000 -LEADER
fixed length control field 00740nam a2200241Ia 4500
001 - CONTROL NUMBER
control field 21303
003 - CONTROL NUMBER IDENTIFIER
control field GE_BSU
008 - FIXED-LENGTH DATA ELEMENTS--GENERAL INFORMATION
fixed length control field 181216s||||||||xx |||||||||||||| ||und||
020 ## - INTERNATIONAL STANDARD BOOK NUMBER
International Standard Book Number ISBN:978-5-7567-0861-5
040 ## - CATALOGING SOURCE
Transcribing agency GE_BSU
080 ## - UNIVERSAL DECIMAL CLASSIFICATION NUMBER
Universal Decimal Classification number 327
100 ## - MAIN ENTRY--PERSONAL NAME
Personal name Никитина, Ю. А.
245 ## - TITLE STATEMENT
Title Введение в международные отношения и мировую политику
250 ## - EDITION STATEMENT
Edition statement 4-е издание
260 ## - PUBLICATION, DISTRIBUTION, ETC.
Place of publication, distribution, etc. Москва
260 ## - PUBLICATION, DISTRIBUTION, ETC.
Name of publisher, distributor, etc. Аспект-Пресс
260 ## - PUBLICATION, DISTRIBUTION, ETC.
Date of publication, distribution, etc. 2017
300 ## - PHYSICAL DESCRIPTION
Extent 157стр. 21см.
653 ## - INDEX TERM--UNCONTROLLED
Uncontrolled term Введение в международные отношения и мировую политику
653 ## - INDEX TERM--UNCONTROLLED
Uncontrolled term Политика
942 ## - ADDED ENTRY ELEMENTS (KOHA)
Koha item type წიგნი
ეგზემპლარები
Withdrawn status Lost status Damaged status Not for loan Date acquired Barcode Date last seen Price effective from Koha item type
        2018-12-17 55221 2018-12-17 2018-12-17 წიგნი